Score 0/81 Timer 09:00
0 Plays Today
Countries % Correct
Ireland
92%
Finland
91%
Sweden
91%
Iceland
90%
Germany
89%
United Kingdom
89%
Spain
88.7%
Poland
88.2%
Japan
88%
Switzerland
87.5%
Egypt
87.2%
Chad
87%
Denmark
86.7%
Norway
86.5%
Belgium
86.2%
Brazil
86.2%
Thailand
86%
Israel
85.7%
Portugal
85.7%
Netherlands
85.5%
New Zealand
85.2%
Vietnam
85.2%
Pakistan
85%
Yemen
85%
Luxembourg
83.7%
Afghanistan
83.5%
Italy
83.2%
Countries % Correct
Jordan
82.7%
Liechtenstein
82.7%
Turkey
82.5%
Madagascar
82.2%
Dominican Republic
81.5%
Lebanon
81.5%
Paraguay
81.2%
Uruguay
81%
Sudan
80.7%
Bhutan
80.5%
Nepal
80.5%
Swaziland
80.5%
Oman
80.2%
Belarus
79.7%
Taiwan
79.7%
Hungary
79.2%
Marshall Islands
79.2%
El Salvador
78.7%
Cyprus
77.9%
Iraq
77.9%
Seychelles
77.9%
South Sudan
77.9%
Czech Republic
77.7%
Iran
77.7%
Qatar
77.7%
Ecuador
77.4%
Central African Republic
77.2%
Countries % Correct
Bahrain
76.9%
Bahamas
76.4%
Kuwait
76.2%
Laos
76.2%
Vatican City
75.9%
Bangladesh
75.4%
St. Kitts and Nevis
75.2%
Honduras
74.7%
Kazakhstan
73.9%
Cameroon
73.7%
Barbados
73.4%
United Arab Emirates
73.4%
Comoros
72.9%
Turkmenistan
72.9%
Benin
72.2%
Tajikistan
72.2%
Solomon Islands
71.9%
Philippines
71.7%
Uzbekistan
71.7%
Kyrgyzstan
71.4%
Senegal
71.4%
Niger
71.2%
Gabon
70.9%
Maldives
70.4%
Azerbaijan
69.4%
St. Vincent and the Grenadines
68.9%
Mauritius
62.2%

You're not logged in!

Compare scores with friends on all Sporcle quizzes.
OR
Log In

Sporcle TV

Today on Sporcle TV


Watch our educational content, quiz creation guides, and fun videos on Sporcle TV.

Show Comments

Extras

Top Quizzes Today


Score Distribution

Paid Content

Your Account Isn't Verified!

In order to create a playlist on Sporcle, you need to verify the email address you used during registration. Go to your Sporcle Settings to finish the process.

Report this User

Report this user for behavior that violates our Community Guidelines.

Details: